| 000 | 02582cam a22002294a 4500 | ||
|---|---|---|---|
| 005 | 20250605163952.0 | ||
| 008 | 250528s ||||||||||||||||||||||||d | ||
| 035 | _a15417 | ||
| 020 | _a007066241X | ||
| 040 |
_aGR-AtMCL _bgre _dGR-AtMCL _eAACR2 |
||
| 245 | 1 | _aManagement Information Systems / Conceptual Foundations, Structure and Development: Second Edition | |
| 250 | _a2nd | ||
| 260 |
_bMcgraw Hill Book Company, _c1985 |
||
| 300 | _a694 | ||
| 505 | 0 | _aPreface, Introduction to Management Information Systems, Structure of a Management Information System, Survey of Information Systems Technology, Hardware and Software and Communications Technology for Information Systems, Storage and Retrieval of Data, Transaction Processing and Office Automation and Information Processing Control Functions, Conceptual Foundations, The Decision-Making Process, Concepts of Information, Humans as Information Processors, System Concepts, Concepts of Planning and Control, Organizational Structure and Management Concepts, Information-Based Support Systems, Support Systems for Planning and Control and Decision Making, Support Systems for Management of Knowledge Work, Information System Requirements, Developing a Long-Range Information System Plan, Strategies for the Determination of Information Requirements, Database Requirements, User Interface Requirements, Development and Implementation and Management of Information System Resources, Index. | |
| 520 | _aPreface, Introduction to Management Information Systems, Structure of a Management Information System, Survey of Information Systems Technology, Hardware and Software and Communications Technology for Information Systems, Storage and Retrieval of Data, Transaction Processing and Office Automation and Information Processing Control Functions, Conceptual Foundations, The Decision-Making Process, Concepts of Information, Humans as Information Processors, System Concepts, Concepts of Planning and Control, Organizational Structure and Management Concepts, Information-Based Support Systems, Support Systems for Planning and Control and Decision Making, Support Systems for Management of Knowledge Work, Information System Requirements, Developing a Long-Range Information System Plan, Strategies for the Determination of Information Requirements, Database Requirements, User Interface Requirements, Development and Implementation and Management of Information System Resources, Index. | ||
| 700 | 1 |
_aDavis Gordon B _91340 |
|
| 700 | 1 |
_aOlson Margrethe H _91341 |
|
| 942 | _cBK | ||
| 999 |
_c999 _d999 |
||